Estadísticas para Banderas del mundo 2022

Haz click aquí para intentar la prueba.

Estadísticas generales

  • Esta prueba ha sido intentada 1.441 veces
    (1.421 desde el último reinicio)
  • La puntuación promedio es 130 de 251

Estadísticas de respuestas

Respuesta% Correcto
Suecia
95%
Andorra
93%
Hungría
92%
Ciudad del Vaticano
84%
Ecuador
83%
Mexico
83%
Emiratos Árabes Unidos
82%
Portugal
82%
San Marino
82%
España
81%
Serbia
81%
Bután
80%
Gales
80%
Antigua y Barbuda
77%
Brasil
77%
Francia
77%
Reino Unido
77%
Uruguay
77%
Arabia Saudita
76%
República Dominicana
76%
Venezuela
76%
Alemania
75%
Corea del sur
75%
El Salvador
75%
Finlandia
75%
Suiza
75%
Ucrania
75%
Nepal
74%
Polonia
74%
Sudáfrica
74%
China
73%
Panamá
73%
Rusia
73%
Albania
72%
Canadá
72%
Guatemala
72%
Sri Lanka
72%
Dinamarca
71%
Kenia
71%
Catar
70%
Corea del norte
70%
Costa Rica
70%
Eslovaquia
70%
Japón
70%
Nicaragua
70%
Chipre
69%
Estonia
69%
Islandia
69%
Kazajistán
69%
Luxemburgo
69%
Marruecos
69%
Nigeria
69%
Paraguay
69%
Turquía
69%
Austria
68%
Bulgaria
68%
Irlanda
68%
Montenegro
68%
Nueva Zelanda
68%
Egipto
67%
Inglaterra
67%
Macedonia del Norte
67%
Mayotte
67%
Malta
66%
Moldavia
66%
Puerto Rico
66%
Belice
65%
Escocia
65%
Haití
65%
Irán
65%
Bangladesh
64%
Kosovo
64%
Letonia
64%
Mongolia
64%
Países bajos
64%
Perú
64%
Singapur
64%
Turkmenistán
64%
Uganda
64%
Armenia
63%
Camboya
63%
Irak
63%
Mónaco
63%
Angola
62%
Estados Unidos
62%
Noruega
62%
Bielorrusia
61%
Colombia
61%
Barbados
60%
Croacia
60%
Cuba
60%
Eslovenia
60%
Indonesia
60%
Argentina
59%
Israel
59%
Mozambique
59%
Papúa Nueva Guinea
59%
Etiopía
58%
Grecia
58%
Honduras
58%
India
58%
Liechtenstein
58%
Camerún
57%
Fiyi
57%
Líbano
57%
Bolivia
56%
Malasia
56%
República Centroafricana
56%
Túnez
56%
Azerbaiyán
55%
Madagascar
55%
Pakistán
55%
Suazilandia
55%
Tonga
55%
Bahamas
54%
Brunéi
54%
Kirguistán
54%
Somalia
54%
Burundi
53%
Costa de Marfil
53%
Italia
53%
Liberia
53%
Australia
52%
Bélgica
52%
Cabo Verde
52%
Gabón
52%
Jamaica
52%
Kiribati
52%
Lituania
52%
Taiwan
52%
Dominica
51%
Jordania
51%
Libia
51%
Kuwait
50%
República Checa
50%
Seychelles
50%
Tailandia
50%
Antártida
49%
Guinea Ecuatorial
49%
Islas Marshall
49%
Lesoto
49%
Botsuana
48%
Congo
48%
Hong Kong
48%
Isla de Man
48%
Maldivas
48%
Ruanda
48%
Rumania
48%
Argelia
47%
Chad
47%
Guam
47%
Micronesia
47%
República Democrática del Congo
47%
Chile
46%
Uzbekistan
46%
Laos
45%
Palestina
45%
San Vicente y las Granadinas
45%
Trinidad y Tobago
45%
Vanuatu
45%
Benín
44%
Georgia
44%
Ghana
44%
San Cristóbal y Nieves
44%
Santa Lucia
44%
Sudán
44%
Zimbabue
44%
Anguila
43%
Guyana
43%
Mauricio
43%
Namibia
43%
Nauru
43%
Sierra Leona
43%
Timor Oriental
43%
Tuvalu
42%
Bosnia y Herzegovina
41%
Gibraltar
41%
Malawi
41%
Malí
41%
Omán
41%
Palaos
41%
Senegal
41%
Vietnam
41%
Yemen
41%
Granada
40%
Gambia
39%
Irlanda del Norte
39%
Siria
39%
Zambia
39%
Eritrea
38%
Filipinas
38%
Guinea
38%
Islas Vírgenes de los Estados Unidos
38%
Mauritania
38%
Niger
38%
Burkina Faso
37%
Jersey
37%
Isla de Navidad
36%
Samoa Americana
36%
Tayikistán
36%
Guinea-Bisáu
35%
Macao
35%
Surinam
35%
Togo
35%
Sudán del Sur
34%
Baréin
33%
Guadalupe
33%
Myanmar
33%
Samoa
33%
Comoras
32%
Islas Malvinas
32%
Afganistán
31%
Alan
31%
Islas Vírgenes Británicas
31%
San Pedro y Miquelón
31%
Tanzania
31%
Groenlandia
30%
Santo Tomé y Príncipe
30%
Guernsey
29%
Bermudas
28%
Islas Caimán
28%
Islas Salomón
28%
Polinesia Francesa
28%
Islas Feroe
27%
Islas Marianas del Norte
27%
Martinica
27%
Nueva Caledonia
27%
Sahara Occidental
26%
Aruba
25%
Islas Cook
25%
Reunión
25%
Yibuti
25%
Islas Cocos
24%
Montserrat
24%
San Martín
24%
Tokelau
24%
Caribe Neerlandés
22%
Islas Pitcairn
22%
San Bartolomé
22%
Territorio Británico del Océano Índico
21%
Curazao
20%
Santa Elena
18%
Islas Turcas y Caicos
16%
Niue
16%
Guayana Francesa
15%
Isla Norfolk
15%
Ascensión
14%
Islas Georgias del Sur y Sándwich del Sur
14%
Tristan de Acuña
14%
Wallis y Futuna
12%
Tierras Australes y Antárticas Francesas
11%

Distribución de puntuación

Porcentaje por número respondido

Porcentaje de gente con cada puntuación

Historial de tus puntuaciones

No has intentado esta prueba desde el último reinicio